000 00283nam a22001217a 4500
041 _aENG
100 _aJosephson .E.S
245 _aPreservation Of Food By Ionizing Radiation Vol III
260 _aNew york
_bCRC
_c1983
300 _a275
650 _aAPE
856 _uNot to be Issued
999 _c2527
_d2527